[Event "CZE-chT1W 2122"]
[Site "Czech Republic"]
[Date "2022.03.06"]
[Round "10.5"]
[White "Formanek, Martin"]
[Black "Trepka, Jan"]
[Result "1/2-1/2"]
[WhiteElo "2193"]
[BlackElo "2151"]
[PlyCount "72"]
[EventDate "2021.10.10"]
[EventType "team-tourn"]
[EventRounds "11"]
[EventCountry "CZE"]
[SourceTitle "EXT 2023"]
[Source "ChessBase"]
[SourceDate "2022.10.05"]
[SourceVersion "1"]
[SourceVersionDate "2022.10.05"]
[SourceQuality "1"]
[WhiteTeam "Kobylisy"]
[BlackTeam "Vysehrad SK Sokol"]
[WhiteTeamCountry "CZE"]
[BlackTeamCountry "CZE"]

1. Nf3 Nf6 2. g3 b6 3. Bg2 Bb7 4. 0-0 e6 5. c4 Be7 6. b3 0-0 7. Bb2 c5 8. d3 d5 9. e3 Nc6 10. a3 Qd7 11. Qc2 Rfd8 12. Rd1 Rac8 13. Nbd2 dxc4 14. Nxc4 b5 15. Nce5 Nxe5 16. Bxe5 Ng4 17. Bb2 Bf6 18. h3 Bxb2 19. Qxb2 Nf6 20. Rac1 Qc7 21. Rd2 Qb6 22. Ne5 Bxg2 23. Kxg2 Nd5 24. e4 Ne7 25. b4 f6 26. bxc5 Rxc5 27. Rxc5 Qxc5 28. d4 Qb6 29. Nf3 Qc6 30. Qb1 a6 31. Qc2 Rc8 32. Qxc6 Rxc6 33. Rd3 Kf7 34. Nd2 f5 35. Kf3 Rc2 36. exf5 Nxf5 1/2-1/2

[Event "CZE-chT1W 2122"]
[Site "Czech Republic"]
[Date "2021.11.28"]
[Round "4.5"]
[White "Jandourek, Lukas"]
[Black "Trepka, Jan"]
[Result "1/2-1/2"]
[WhiteElo "2157"]
[BlackElo "2151"]
[PlyCount "107"]
[EventDate "2021.10.10"]
[EventType "team-tourn"]
[EventRounds "11"]
[EventCountry "CZE"]
[SourceTitle "EXT 2023"]
[Source "ChessBase"]
[SourceDate "2022.10.05"]
[SourceVersion "1"]
[SourceVersionDate "2022.10.05"]
[SourceQuality "1"]
[WhiteTeam "Neratovice"]
[BlackTeam "Vysehrad SK Sokol"]
[WhiteTeamCountry "CZE"]
[BlackTeamCountry "CZE"]

1. d4 Nf6 2. Nf3 b6 3. g3 Bb7 4. Bg2 e6 5. 0-0 Be7 6. c4 0-0 7. Nc3 d5 8. Ne5 Ne4 9. Qc2 Nxc3 10. Qxc3 c6 11. Rd1 Nd7 12. e4 Rc8 13. Nxd7 Qxd7 14. Be3 Rfd8 15. Rd2 dxc4 16. Qxc4 Qc7 17. Rc1 b5 18. Qe2 Qa5 19. a3 b4 20. axb4 Qxb4 21. Rdc2 a5 22. e5 a4 23. Rc4 Qb5 24. Qc2 Ra8 25. Ra1 a3 26. bxa3 Bxa3 27. Rb1 Qa6 28. Rxb7 Qxb7 29. Bxc6 Qe7 30. Bxa8 Rxa8 31. Rc8+ Rxc8 32. Qxc8+ Qf8 33. Qd7 Qe7 34. Qxe7 Bxe7 35. Kg2 Kf8 36. Kf3 Ke8 37. Ke4 Kd7 38. d5 exd5+ 39. Kxd5 h5 40. Bd4 Bd8 41. f3 Ba5 42. Be3 Be1 43. g4 hxg4 44. fxg4 Bh4 45. Bf4 Ke7 46. Be3 Kd7 47. Bc5 g6 48. Be3 Ke7 49. Bc5+ Kd7 50. Bb4 Bf2 51. Bf8 Bh4 52. Bg7 Ke7 53. Bh6 Kd7 54. Bf4 1/2-1/2

[Event "CZE-chT1W 2122"]
[Site "Czech Republic"]
[Date "2021.10.10"]
[Round "1.4"]
[White "Trepka, Jan"]
[Black "Horak, Martin"]
[Result "0-1"]
[WhiteElo "2151"]
[BlackElo "2330"]
[PlyCount "76"]
[EventDate "2021.10.10"]
[EventType "team-tourn"]
[EventRounds "11"]
[EventCountry "CZE"]
[SourceTitle "EXT 2023"]
[Source "ChessBase"]
[SourceDate "2022.10.05"]
[SourceVersion "1"]
[SourceVersionDate "2022.10.05"]
[SourceQuality "1"]
[WhiteTeam "Vysehrad SK Sokol"]
[BlackTeam "Vlasim Spartak"]
[WhiteTeamCountry "CZE"]
[BlackTeamCountry "CZE"]

1. d4 Nf6 2. c4 e6 3. Nf3 b6 4. g3 Ba6 5. Qa4 c5 6. Bg2 Bb7 7. 0-0 Be7 8. Nc3 0-0 9. Rd1 d6 10. d5 exd5 11. cxd5 a6 12. e4 b5 13. Qc2 Qc7 14. Bf4 Nbd7 15. Rac1 Rfe8 16. Qd3 Bf8 17. Nh4 g6 18. Re1 Bg7 19. f3 c4 20. Qd2 Nc5 21. Bf1 Nfd7 22. Nd1 Ne5 23. Bxe5 Rxe5 24. Nf2 f5 25. Bg2 fxe4 26. fxe4 Rae8 27. Bf3 Qe7 28. Rf1 Bc8 29. Rce1 Qa7 30. Kh1 R5e7 31. Re2 Rf8 32. Rfe1 Ref7 33. Bg4 Nd3 34. Bxc8 Nxf2+ 35. Rxf2 Rxf2 36. Be6+ Kh8 37. Qg5 Bxb2 38. Qh6 Qg7 0-1

[Event "CZE-ch Betsys Online Blitz"]
[Site "Chess.com INT"]
[Date "2021.04.17"]
[Round "13"]
[White "Stinka, Jakub"]
[Black "Trepka, Jan"]
[Result "0-1"]
[WhiteElo "2232"]
[BlackElo "2137"]
[PlyCount "80"]
[EventDate "2021.04.17"]
[EventType "swiss (blitz)"]
[EventRounds "13"]
[EventCountry "CZE"]
[SourceTitle "CBM 201 Extra"]
[Source "ChessBase"]
[SourceDate "2021.05.31"]
[SourceVersion "1"]
[SourceVersionDate "2021.05.31"]
[SourceQuality "1"]

1. d4 Nf6 2. c4 e6 3. Nf3 b6 4. a3 Bb7 5. Nc3 Be7 6. Qc2 d5 7. cxd5 exd5 8. Bf4 0-0 9. e3 c5 10. Bd3 Nbd7 11. 0-0 h6 12. Rfd1 c4 13. Bf5 a6 14. a4 Re8 15. Ne5 Bb4 16. b3 Bxc3 17. Qxc3 b5 18. bxc4 dxc4 19. Nxd7 Nxd7 20. axb5 axb5 21. Rxa8 Bxa8 22. Qb4 Nf6 23. Qxb5 c3 24. Qc4 Qd5 25. Qxd5 Nxd5 26. Bg3 g6 27. Bb1 Rc8 28. Rc1 Nb4 29. Bd6 Na6 30. Bd3 Bb7 31. f3 Kg7 32. Kf2 Kf6 33. e4 Ke6 34. Ba3 f5 35. Ke3 fxe4 36. fxe4 g5 37. d5+ Ke5 38. Bxa6 Bxa6 39. Rc2 Rc4 40. Rxc3 Rxc3+ 0-1

[Event "CZE-ch Betsys Online Blitz"]
[Site "Chess.com INT"]
[Date "2021.04.17"]
[Round "12"]
[White "Trepka, Jan"]
[Black "Jirovsky, Milos"]
[Result "0-1"]
[WhiteElo "2137"]
[BlackElo "2452"]
[PlyCount "74"]
[EventDate "2021.04.17"]
[EventType "swiss (blitz)"]
[EventRounds "13"]
[EventCountry "CZE"]
[SourceTitle "CBM 201 Extra"]
[Source "ChessBase"]
[SourceDate "2021.05.31"]
[SourceVersion "1"]
[SourceVersionDate "2021.05.31"]
[SourceQuality "1"]

1. d4 d5 2. c4 e6 3. Nc3 Nf6 4. Bf4 c6 5. c5 b6 6. b4 a5 7. a3 Ba6 8. Nf3 Be7 9. e3 Bxf1 10. Kxf1 0-0 11. h3 Nbd7 12. g4 Qc8 13. Kg2 Qb7 14. Qc2 b5 15. Rhb1 axb4 16. axb4 h6 17. Qb2 Ne4 18. Rxa8 Rxa8 19. Ra1 Nxc3 20. Qxc3 Ra6 21. Nd2 Bf6 22. Nb3 Ra4 23. Na5 Qa6 24. Bc7 g5 25. f4 gxf4 26. exf4 Bg7 27. Kf3 Nf6 28. Be5 Ne4 29. Qb2 f6 30. Bc7 Kf7 31. Re1 Bf8 32. f5 exf5 33. gxf5 Qc8 34. Bf4 Qxf5 35. Qg2 Ra3+ 36. Re3 Ng5+ 37. Kf2 Qxf4+ 0-1

[Event "CZE-ch Betsys Online Blitz"]
[Site "Chess.com INT"]
[Date "2021.04.17"]
[Round "6"]
[White "Trepka, Jan"]
[Black "Vymazal, Bronislav"]
[Result "1-0"]
[WhiteElo "2137"]
[BlackElo "2350"]
[PlyCount "77"]
[EventDate "2021.04.17"]
[EventType "swiss (blitz)"]
[EventRounds "13"]
[EventCountry "CZE"]
[SourceTitle "CBM 201 Extra"]
[Source "ChessBase"]
[SourceDate "2021.05.31"]
[SourceVersion "1"]
[SourceVersionDate "2021.05.31"]
[SourceQuality "1"]

1. d4 Nf6 2. c4 d6 3. Nc3 e5 4. d5 Bf5 5. Bg5 Be7 6. Bxf6 Bxf6 7. e4 Bc8 8. Bd3 Bg5 9. Nf3 Bh6 10. 0-0 0-0 11. Qc2 a5 12. a3 Nd7 13. Ne2 a4 14. Ng3 Nc5 15. Rad1 g6 16. h3 Bd7 17. Nh2 Qh4 18. Qe2 f5 19. exf5 gxf5 20. Qh5 Qxh5 21. Nxh5 Ra6 22. Rfe1 Rb6 23. Re2 Be8 24. Ng3 Bd7 25. Nhf1 e4 26. Bb1 Bg7 27. Rdd2 Bh6 28. Rc2 Re8 29. Nh5 Kf7 30. Ne3 f4 31. Ng4 Bxg4 32. hxg4 Rg8 33. f3 Rb3 34. fxe4 Rxg4 35. e5 dxe5 36. Rxe5 Rbg3 37. Rf2 Rb3 38. Bxh7 Nd7 39. Re4 1-0

[Event "CZE-chT2A 1920"]
[Site "Czech Republic"]
[Date "2020.06.27"]
[Round "10.3"]
[White "Bartos, Jan"]
[Black "Trepka, Jan"]
[Result "0-1"]
[WhiteElo "2102"]
[BlackElo "2189"]
[PlyCount "117"]
[EventDate "2019.10.13"]
[EventType "team-tourn"]
[EventRounds "11"]
[EventCountry "CZE"]
[SourceTitle "EXT 2024"]
[Source "ChessBase"]
[SourceDate "2023.10.10"]
[SourceVersion "1"]
[SourceVersionDate "2023.10.10"]
[SourceQuality "1"]
[WhiteTeam "Unichess Reserve"]
[BlackTeam "Tabor"]
[WhiteTeamCountry "CZE"]
[BlackTeamCountry "CZE"]

1. d4 Nf6 2. c4 e6 3. Nf3 b6 4. g3 Bb7 5. Bg2 Be7 6. 0-0 0-0 7. Nc3 d5 8. cxd5 Nxd5 9. Nxd5 Bxd5 10. Qc2 Na6 11. a3 c5 12. Qd3 Qc8 13. e4 Bb7 14. d5 Rd8 15. Bh3 f5 16. Re1 fxe4 17. Qxe4 Bxd5 18. Bxe6+ Bxe6 19. Qxe6+ Qxe6 20. Rxe6 Rd1+ 21. Re1 Rxe1+ 22. Nxe1 Bf6 23. Kf1 c4 24. Rb1 Nc5 25. Be3 Nb3 26. Nc2 Rd8 27. Ke2 Kf7 28. Nb4 a5 29. Na2 b5 30. Nc1 Nxc1+ 31. Bxc1 Rd3 32. Bd2 a4 33. Kd1 b4 34. axb4 a3 35. Kc2 Bxb2 36. Re1 Rxd2+ 37. Kxd2 a2 38. b5 a1Q 39. Rxa1 Bxa1 40. b6 Ke6 41. b7 Be5 42. f4 Bc7 43. Ke3 Kd5 44. g4 Bb6+ 45. Kd2 Ba7 46. Kc3 Bb8 47. f5 Bxh2 48. g5 Be5+ 49. Kb4 g6 50. f6 Ke6 51. Kxc4 h6 52. gxh6 Kxf6 53. Kd5 Bb8 54. Ke4 Kf7 55. Kf3 Kg8 56. Kg4 Kh7 57. Kg5 Bc7 58. Kg4 Kxh6 59. Kf3 0-1

[Event "CZE-chT2A 1920"]
[Site "Czech Republic"]
[Date "2020.02.23"]
[Round "9.4"]
[White "Trepka, Jan"]
[Black "Hosticka, Frantisek"]
[Result "1/2-1/2"]
[WhiteElo "2189"]
[BlackElo "2096"]
[PlyCount "83"]
[EventDate "2019.10.13"]
[EventType "team-tourn"]
[EventRounds "11"]
[EventCountry "CZE"]
[SourceTitle "EXT 2024"]
[Source "ChessBase"]
[SourceDate "2023.10.10"]
[SourceVersion "1"]
[SourceVersionDate "2023.10.10"]
[SourceQuality "1"]
[WhiteTeam "Tabor"]
[BlackTeam "Praha Mahrla"]
[WhiteTeamCountry "CZE"]
[BlackTeamCountry "CZE"]

1. d4 Nf6 2. c4 e6 3. a3 c5 4. e3 d5 5. dxc5 Bxc5 6. b4 Be7 7. Bb2 0-0 8. Nf3 a5 9. b5 Nbd7 10. Nc3 dxc4 11. Bxc4 Qc7 12. Qe2 b6 13. Rc1 Nc5 14. 0-0 Bb7 15. Nd4 Rac8 16. Rfd1 Qb8 17. Nb3 Nfd7 18. Nb1 Ne5 19. Nxc5 Bxc5 20. Bb3 Rfd8 21. Nc3 Rxd1+ 22. Rxd1 Rd8 23. Na4 Bd6 24. f4 Ng6 25. Bd4 Bxa3 26. Bxb6 Rxd1+ 27. Qxd1 Nh4 28. Bxa5 Nxg2 29. Kf2 Nxf4 30. exf4 Qxf4+ 31. Kg1 Qg5+ 32. Kf2 Qf4+ 33. Kg1 Qg5+ 34. Kf2 Qf4+ 35. Kg1 Bd6 36. Qe2 Bf3 37. Qd2 Qg4+ 38. Kf1 Qh3+ 39. Ke1 Qh4+ 40. Kf1 Bxh2 41. Qd8+ Qxd8 42. Bxd8 1/2-1/2

[Event "CZE-chT2C 1516"]
[Site "Czech Republic"]
[Date "2016.03.13"]
[Round "9.4"]
[White "Hradecky, Ivo"]
[Black "Trepka, Jan"]
[Result "1-0"]
[WhiteElo "2057"]
[BlackElo "2128"]
[PlyCount "105"]
[EventDate "2015.10.18"]
[EventType "team-tourn"]
[EventRounds "11"]
[EventCountry "CZE"]
[SourceTitle "EXT 2022"]
[Source "ChessBase"]
[SourceDate "2021.10.06"]
[SourceVersion "1"]
[SourceVersionDate "2021.10.06"]
[SourceQuality "1"]
[WhiteTeam "Svetla nad Sazavou"]
[BlackTeam "Tabor"]
[WhiteTeamCountry "CZE"]
[BlackTeamCountry "CZE"]

1. d4 Nf6 2. c4 e6 3. Nc3 d5 4. cxd5 exd5 5. Bg5 Nbd7 6. e3 Be7 7. Qc2 h6 8. Bh4 0-0 9. Bd3 b6 10. Nf3 Bb7 11. 0-0 c5 12. Bg3 c4 13. Bf5 a6 14. Nd2 b5 15. a3 Re8 16. f3 Nf8 17. Bf2 Bc8 18. Bxc8 Rxc8 19. e4 Qd7 20. e5 N6h7 21. Rae1 a5 22. f4 b4 23. axb4 axb4 24. Ne2 Rc6 25. f5 Ra8 26. Nf3 Ng5 27. Be3 Nxf3+ 28. Rxf3 Bg5 29. Bd2 Bxd2 30. Qxd2 c3 31. bxc3 b3 32. Rb1 Ra2 33. Qd1 Rca6 34. Nc1 Ra1 35. Nxb3 Rxb1 36. Qxb1 Rb6 37. Qa2 Qc6 38. Nc5 Rb8 39. h4 Ra8 40. Qb2 Nd7 41. Qb7 Qxb7 42. Nxb7 Rb8 43. Nd6 Kf8 44. Rf1 Ke7 45. Ra1 Rb3 46. Ra8 Rb8 47. Rxb8 Nxb8 48. Kf2 f6 49. Ke3 fxe5 50. dxe5 Nc6 51. Kf4 d4 52. cxd4 Nxd4 53. f6+ 1-0

[Event "CZE-chT2C 1314"]
[Site "Czech Republic"]
[Date "2013.11.03"]
[Round "1.2"]
[White "Haba, Zdenek"]
[Black "Trepka, Jan"]
[Result "1-0"]
[WhiteElo "2256"]
[BlackElo "2175"]
[PlyCount "79"]
[EventDate "2013.11.03"]
[EventType "team-tourn"]
[EventRounds "11"]
[EventCountry "CZE"]
[SourceTitle "EXT 2015"]
[Source "ChessBase"]
[SourceDate "2014.11.20"]
[SourceVersion "1"]
[SourceVersionDate "2014.11.20"]
[SourceQuality "1"]
[WhiteTeam "Jihlava Gordic"]
[BlackTeam "Tabor"]
[WhiteTeamCountry "CZE"]
[BlackTeamCountry "CZE"]

1. d4 Nf6 2. c4 e6 3. g3 d5 4. Bg2 dxc4 5. Nf3 Nc6 6. 0-0 Rb8 7. a4 a6 8. Nc3 Be7 9. e4 0-0 10. Bg5 b5 11. axb5 axb5 12. e5 Nd5 13. Bxe7 Ncxe7 14. Ne4 Bb7 15. Nc5 Bc6 16. Qd2 Ra8 17. Ng5 h6 18. Nge4 Qb8 19. f4 Qb6 20. g4 Rxa1 21. Rxa1 Ra8 22. Rf1 Qa5 23. Qc1 b4 24. f5 exf5 25. gxf5 c3 26. f6 cxb2 27. Qxb2 Ng6 28. fxg7 Qa3 29. Qf2 Ndf4 30. Nf6+ Kxg7 31. Nh5+ Kg8 32. Nxf4 Bxg2 33. Nxg2 Qa2 34. Qxa2 Rxa2 35. Rb1 Rd2 36. Rxb4 Ne7 37. Ne4 Rd1+ 38. Kf2 Nc6 39. Rc4 Rxd4 40. Nf6+ 1-0

[Event "Ricany op"]
[Site "Ricany"]
[Date "2013.08.30"]
[Round "8"]
[White "Vorisek, Jaroslav"]
[Black "Trepka, Jan"]
[Result "1-0"]
[WhiteElo "2276"]
[BlackElo "2187"]
[PlyCount "51"]
[EventDate "2013.08.24"]
[EventType "swiss"]
[EventRounds "9"]
[EventCountry "CZE"]
[SourceTitle "EXT 2022"]
[Source "ChessBase"]
[SourceDate "2021.10.06"]
[SourceVersion "1"]
[SourceVersionDate "2021.10.06"]
[SourceQuality "1"]

1. d4 Nf6 2. c4 e6 3. g3 d5 4. Bg2 Be7 5. Nf3 0-0 6. 0-0 b6 7. cxd5 Nxd5 8. e4 Nf6 9. Nc3 Bb7 10. Re1 Bb4 11. Qc2 c5 12. dxc5 Bxc5 13. Bg5 h6 14. Rad1 Qc8 15. Bxf6 gxf6 16. Qd2 Kg7 17. Ne2 Be7 18. Nf4 Qc5 19. b4 Qxb4 20. Nh5+ Kh7 21. Nxf6+ Kg7 22. Nh5+ Kh7 23. Qf4 Qc5 24. e5 f5 25. exf6 Qxh5 26. Qc7 1-0

[Event "Ricany op"]
[Site "Ricany"]
[Date "2013.08.27"]
[Round "5"]
[White "Trepka, Jan"]
[Black "Postupa, Martin"]
[Result "1-0"]
[WhiteElo "2187"]
[BlackElo "2054"]
[PlyCount "147"]
[EventDate "2013.08.24"]
[EventType "swiss"]
[EventRounds "9"]
[EventCountry "CZE"]
[SourceTitle "EXT 2022"]
[Source "ChessBase"]
[SourceDate "2021.10.06"]
[SourceVersion "1"]
[SourceVersionDate "2021.10.06"]
[SourceQuality "1"]

1. f4 d5 2. Nf3 g6 3. g3 Bg7 4. Bg2 Nf6 5. 0-0 0-0 6. d3 Nbd7 7. Qe1 c5 8. e4 e6 9. c3 b6 10. Ne5 dxe4 11. Nxd7 Qxd7 12. dxe4 Ba6 13. Rf2 Rad8 14. Rd2 Qc7 15. Na3 b5 16. Nc2 Bb7 17. e5 Nd5 18. Ne3 Nxe3 19. Qxe3 Bxg2 20. Kxg2 g5 21. Qf3 Rxd2+ 22. Bxd2 f6 23. exf6 Rxf6 24. Rd1 Rf8 25. Be3 gxf4 26. Bxf4 Qf7 27. Qe4 e5 28. Be3 Qxa2 29. Qd5+ Qxd5+ 30. Rxd5 Rc8 31. Bxc5 a5 32. Bb6 a4 33. Rxb5 a3 34. bxa3 Rxc3 35. a4 e4 36. Rb4 e3 37. Re4 Bh6 38. h4 Rc2+ 39. Kf1 Ra2 40. a5 Rf2+ 41. Ke1 Ra2 42. g4 Bf8 43. Kf1 Rf2+ 44. Kg1 Ra2 45. g5 Bd6 46. Rxe3 Ra4 47. Rd3 Bb4 48. Rd8+ Kg7 49. Ra8 Bxa5 50. Rxa5 Rxh4 51. Be3 Rb4 52. Kf2 Rc4 53. Kf3 Kg6 54. Bf4 Rb4 55. Ra6+ Kf7 56. Kg4 Rb1 57. Kf5 Rb7 58. Rc6 Rb5+ 59. Be5 Kf8 60. Kf6 Ke8 61. Rc8+ Kd7 62. Rc7+ Kd8 63. Rxh7 Rb6+ 64. Kg7 Ke8 65. Rh8+ Ke7 66. Bf6+ Ke6 67. Re8+ Kf5 68. Re5+ Kf4 69. g6 Rb7+ 70. Kf8 Rb6 71. Kf7 Rb7+ 72. Re7 Rb6 73. g7 Kf5 74. Re5+ 1-0

[Event "Ricany op"]
[Site "Ricany"]
[Date "2013.08.26"]
[Round "4"]
[White "Cermak, Jan"]
[Black "Trepka, Jan"]
[Result "1/2-1/2"]
[WhiteElo "1771"]
[BlackElo "2187"]
[PlyCount "148"]
[EventDate "2013.08.24"]
[EventType "swiss"]
[EventRounds "9"]
[EventCountry "CZE"]
[SourceTitle "EXT 2022"]
[Source "ChessBase"]
[SourceDate "2021.10.06"]
[SourceVersion "1"]
[SourceVersionDate "2021.10.06"]
[SourceQuality "1"]

1. e4 c6 2. d4 d5 3. e5 Bf5 4. Nf3 e6 5. Be2 Qb6 6. 0-0 c5 7. c4 dxc4 8. Na3 Bd3 9. Bxd3 cxd3 10. Nc4 Qa6 11. Qxd3 b5 12. Ng5 Nc6 13. Qf3 Nh6 14. Na5 Rc8 15. Nxc6 Qxc6 16. dxc5 Bxc5 17. Ne4 Nf5 18. Bf4 0-0 19. Rac1 Qb6 20. Nxc5 Rxc5 21. Be3 Nxe3 22. Qxe3 Rfc8 23. Rxc5 Qxc5 24. Qxc5 Rxc5 25. Rd1 g5 26. Kf1 Rxe5 27. Rd8+ Kg7 28. Ra8 Rc5 29. Rxa7 Rc1+ 30. Ke2 Rc2+ 31. Ke3 Rxb2 32. Ra5 Kg6 33. Ra6 h5 34. h3 h4 35. Kf3 Kf5 36. Ra5 e5 37. Ke3 g4 38. hxg4+ Kxg4 39. a4 Rb3+ 40. Ke2 bxa4 41. Rxa4+ Kg5 42. Ra8 h3 43. Rg8+ Kf5 44. gxh3 Rxh3 45. Ra8 Rb3 46. Ra4 e4 47. Ra2 Kg4 48. Ra8 f5 49. Ra4 Kf4 50. Ra2 Rd3 51. Rb2 Ra3 52. Rc2 Kg4 53. Rc4 Ra2+ 54. Kf1 Rd2 55. Ke1 Ra2 56. Kf1 Kf4 57. Rb4 Ra5 58. Ke2 Ke5 59. Rb8 f4 60. Re8+ Kd4 61. Rd8+ Rd5 62. Ra8 f3+ 63. Ke1 Rb5 64. Ra1 Rb2 65. Rd1+ Kc3 66. Ra1 Re2+ 67. Kf1 Rc2 68. Ke1 Kb2 69. Ra8 Rc1+ 70. Kd2 Rf1 71. Rb8+ Ka2 72. Ke3 Re1+ 73. Kf4 Re2 74. Kg3 e3 1/2-1/2

[Event "Ricany op"]
[Site "Ricany"]
[Date "2013.08.25"]
[Round "2"]
[White "Lacza, Tibor"]
[Black "Trepka, Jan"]
[Result "1-0"]
[WhiteElo "2011"]
[BlackElo "2187"]
[PlyCount "71"]
[EventDate "2013.08.24"]
[EventType "swiss"]
[EventRounds "9"]
[EventCountry "CZE"]
[SourceTitle "EXT 2022"]
[Source "ChessBase"]
[SourceDate "2021.10.06"]
[SourceVersion "1"]
[SourceVersionDate "2021.10.06"]
[SourceQuality "1"]

1. e4 c6 2. d4 d5 3. Nc3 dxe4 4. Nxe4 Nf6 5. Nxf6+ exf6 6. Bf4 Bd6 7. Qd2 0-0 8. Bd3 Bxf4 9. Qxf4 Qb6 10. b3 a5 11. Ne2 a4 12. 0-0 Na6 13. Nc3 a3 14. Na4 Qa5 15. Bxa6 Rxa6 16. c4 Qb4 17. Rfd1 Be6 18. Nc5 Raa8 19. Rac1 Rad8 20. Qc7 Bc8 21. Nd3 Qd6 22. Qxd6 Rxd6 23. Nb4 Bf5 24. d5 c5 25. Nc2 Bxc2 26. Rxc2 Rb8 27. f3 Kf8 28. Kf2 Ke7 29. Re2+ Kd7 30. Rde1 Kc7 31. Re7+ Rd7 32. Re8 b5 33. d6+ Kb7 34. Rxb8+ Kxb8 35. Re7 Kc8 36. cxb5 1-0

[Event "Tabor op"]
[Site "Tabor"]
[Date "2013.08.01"]
[Round "6"]
[White "Trepka, Jan"]
[Black "Lacina, Filip"]
[Result "1-0"]
[WhiteElo "2196"]
[BlackElo "2072"]
[PlyCount "47"]
[EventDate "2013.07.28"]
[EventType "swiss"]
[EventRounds "9"]
[EventCountry "CZE"]
[SourceTitle "CBM 155 Extra"]
[Source "ChessBase"]
[SourceDate "2013.08.26"]
[SourceVersion "1"]
[SourceVersionDate "2013.08.26"]
[SourceQuality "1"]

1. d4 d5 2. c4 e6 3. Nc3 c5 4. cxd5 exd5 5. Nf3 Nc6 6. Bf4 Nf6 7. e3 a6 8. Be2 Be7 9. 0-0 Nh5 10. Be5 f6 11. Bg3 Nxg3 12. hxg3 c4 13. a4 Rb8 14. e4 dxe4 15. Nxe4 b5 16. axb5 axb5 17. d5 Bf5 18. Nc3 Nb4 19. Nd4 Bd7 20. Bg4 f5 21. Bxf5 0-0 22. Qg4 Bxf5 23. Nxf5 Bf6 24. Ra7 1-0

[Event "Tabor op"]
[Site "Tabor"]
[Date "2013.07.29"]
[Round "2"]
[White "Trepka, Jan"]
[Black "Hozda, David"]
[Result "1-0"]
[WhiteElo "2196"]
[BlackElo "1970"]
[PlyCount "73"]
[EventDate "2013.07.28"]
[EventType "swiss"]
[EventRounds "9"]
[EventCountry "CZE"]
[SourceTitle "CBM 155 Extra"]
[Source "ChessBase"]
[SourceDate "2013.08.26"]
[SourceVersion "1"]
[SourceVersionDate "2013.08.26"]
[SourceQuality "1"]

1. d4 Nf6 2. c4 g6 3. Nc3 Bg7 4. e4 d6 5. f4 0-0 6. Nf3 Na6 7. Bd3 Bg4 8. 0-0 Nd7 9. Be3 e5 10. Bc2 c5 11. dxe5 dxe5 12. h3 exf4 13. Bxf4 Bxf3 14. Qxf3 Nb4 15. Ba4 Ne5 16. Bxe5 Bxe5 17. Rad1 Bd4+ 18. Kh1 Qa5 19. Bb3 Nc6 20. Nd5 f5 21. exf5 Rxf5 22. Qe4 Raf8 23. Rxf5 Rxf5 24. Bc2 Kg7 25. Qg4 Re5 26. Qh4 Re2 27. Be4 Bf2 28. Qg4 Re1+ 29. Kh2 Bg1+ 30. Kg3 Rxd1 31. Qxd1 Bd4 32. Nf4 Qc7 33. Qg4 Be5 34. Bxc6 Qxc6 35. Kf2 Qf6 36. Ke3 Bxb2 37. Nh5+ 1-0

[Event "CZE-chT2C 1213"]
[Site "Czech Republic"]
[Date "2013.02.17"]
[Round "9.2"]
[White "Trepka, Jan"]
[Black "Simecek, Bohumil"]
[Result "1-0"]
[WhiteElo "2200"]
[BlackElo "2122"]
[PlyCount "71"]
[EventDate "2012.10.14"]
[EventType "team-tourn"]
[EventRounds "11"]
[EventCountry "CZE"]
[SourceTitle "EXT 2015"]
[Source "ChessBase"]
[SourceDate "2014.11.20"]
[SourceVersion "1"]
[SourceVersionDate "2014.11.20"]
[SourceQuality "1"]
[WhiteTeam "Tabor"]
[BlackTeam "Cesky Krumlov"]
[WhiteTeamCountry "CZE"]
[BlackTeamCountry "CZE"]

1. d4 d5 2. c4 c6 3. Nc3 Nf6 4. Bf4 dxc4 5. a4 Bf5 6. f3 e6 7. e4 Bg6 8. Bxc4 Bb4 9. Nge2 Nbd7 10. 0-0 0-0 11. Qb3 Qb6 12. Kh1 Rfe8 13. Be3 Bf8 14. Qa2 a5 15. Bf2 Qb4 16. Rfd1 Rad8 17. Nf4 Nb6 18. Be2 Nc8 19. Nd3 Qe7 20. Qb3 b6 21. Rac1 Nd7 22. Nb1 Nb8 23. Nd2 f6 24. Nc4 Nd7 25. Bg3 Bf7 26. Bc7 Nc5 27. dxc5 Qxc7 28. cxb6 Qb7 29. Nxa5 Qxb6 30. Qxb6 Nxb6 31. Nxc6 Ra8 32. a5 Nd7 33. b4 e5 34. Nb2 Nb8 35. Bb5 Bxb4 36. Nxb4 1-0

[Event "CZE-chT2C 1213"]
[Site "Czech Republic"]
[Date "2012.11.18"]
[Round "3.2"]
[White "Trepka, Jan"]
[Black "Kratochvil, Jakub"]
[Result "1-0"]
[WhiteElo "2200"]
[BlackElo "2140"]
[PlyCount "51"]
[EventDate "2012.10.14"]
[EventType "team-tourn"]
[EventRounds "11"]
[EventCountry "CZE"]
[SourceTitle "EXT 2015"]
[Source "ChessBase"]
[SourceDate "2014.11.20"]
[SourceVersion "1"]
[SourceVersionDate "2014.11.20"]
[SourceQuality "1"]
[WhiteTeam "Tabor"]
[BlackTeam "Pankrac II"]
[WhiteTeamCountry "CZE"]
[BlackTeamCountry "CZE"]

1. d4 Nf6 2. c4 e6 3. g3 Bb4+ 4. Bd2 Be7 5. Bg2 d5 6. Nf3 0-0 7. 0-0 c6 8. Bc3 Nbd7 9. Nbd2 b6 10. Qc2 Bb7 11. e4 Nxe4 12. Nxe4 dxe4 13. Qxe4 Qc7 14. Rad1 Rfd8 15. Rfe1 Bf6 16. Bd2 c5 17. d5 b5 18. Bf4 Qb6 19. Ng5 Bxg5 20. Bxg5 Re8 21. Qg4 Nf8 22. Bf6 Ng6 23. dxe6 Bxg2 24. exf7+ Kxf7 25. Qd7+ Ne7 26. Rxe7+ 1-0

[Event "Tabor op"]
[Site "Tabor"]
[Date "2012.08.01"]
[Round "5"]
[White "Trepka, Jan"]
[Black "Lauko, Marian"]
[Result "1-0"]
[WhiteElo "2221"]
[BlackElo "1920"]
[PlyCount "85"]
[EventDate "2012.07.29"]
[EventType "swiss"]
[EventRounds "9"]
[EventCountry "CZE"]
[SourceTitle "EXT 2013"]
[Source "ChessBase"]
[SourceDate "2012.11.22"]
[SourceVersion "1"]
[SourceVersionDate "2012.11.22"]
[SourceQuality "1"]

1. d4 d5 2. c4 c6 3. Bf4 e6 4. e3 Nf6 5. Nf3 Nbd7 6. Nc3 dxc4 7. Bxc4 Nd5 8. Bg3 N7f6 9. 0-0 Nxc3 10. bxc3 Ne4 11. Qb3 Qb6 12. Qc2 Nxg3 13. fxg3 Be7 14. Bd3 h6 15. Ne5 Bf6 16. Bg6 Rf8 17. Nxf7 Rxf7 18. Bxf7+ Kxf7 19. Qh7 Qa5 20. e4 Ke8 21. e5 Be7 22. Rf3 Kd8 23. Qxg7 Bd7 24. Qg8+ Be8 25. Qxe6 Qd5 26. Qxh6 Rc8 27. h3 c5 28. Qe3 cxd4 29. cxd4 Rc4 30. Rd1 b5 31. Kh2 Bc6 32. Rc1 Kd7 33. Rxc4 bxc4 34. Rf2 Qe4 35. Qc3 Qd3 36. Qa5 c3 37. Qxa7+ Ke6 38. Qb6 Qc4 39. Qb8 Qxd4 40. Qc8+ Kd5 41. Rf4 Qd3 42. Qc7 c2 43. Qxe7 1-0